Online Catalogue and eLibrary

Varieties of activist experience : (Record no. 475)

MARC details
000 -LEADER
fixed length control field 00758cam a2200229 a 4500
001 - CONTROL NUMBER
control field 16196792
005 - DATE AND TIME OF LATEST TRANSACTION
control field 20240222050656.0
008 - FIXED-LENGTH DATA ELEMENTS--GENERAL INFORMATION
fixed length control field 100421s2010 ii a b 001 0 eng
020 ## - INTERNATIONAL STANDARD BOOK NUMBER
ISBN 9788132104506 (hard back)
020 ## - INTERNATIONAL STANDARD BOOK NUMBER
ISBN 8132104501 (hard back)
040 ## - CATALOGING SOURCE (பட்டியலாக்க மூலம்)
Original cataloging agency DLC
Transcribing agency DLC
Modifying agency DLC
082 00 - DDC Classification
Class No. 322.4.
DDC Edition Number 22
Item Number - Author Mark VAR.
245 00 - TITLE STATEMENT
Title Varieties of activist experience :
Remainder of title civil society in South Asia /
Statement of responsibility, etc. edited by David N. Gellner.
260 ## - PUBLICATION, DISTRIBUTION, ETC.
Place of publication, distribution, etc. New Delhi, India ;
-- Thousand Oaks, Calif. :
Name of publisher, distributor, etc. SAGE Publications,
Date of publication, distribution, etc. 2010.
300 ## - PHYSICAL DESCRIPTION
Extent (e.g. Volumes, Pages etc.) viii, 291 p. :
490 1# - SERIES STATEMENT
Series statement Governance, conflict, and civic action series ;
650 #0 - SUBJECT ADDED ENTRY--TOPICAL TERM
Topical term or geographic name entry element Political participation
650 #0 - SUBJECT ADDED ENTRY--TOPICAL TERM
Topical term or geographic name entry element Civil society
650 #0 - SUBJECT ADDED ENTRY--TOPICAL TERM
Topical term or geographic name entry element Political activists
700 1# - ADDED ENTRY--PERSONAL NAME
Personal name Gellner, David N.
Relator term (Role) Editor
942 ## - Koha item type (Biblio)
Koha item type Books in Stacks (Lending)
Holdings
Lost status Damaged status Collection code Home library Current library Date acquired Full call number Accession Number Item type
    Lending WERC Library WERC Library 02/22/2024 322.4. VAR. 6697 Books in Stacks (Lending)

© WERC Library